000 00583ntaaa2200205 4500
003 01
005 20251027202034.0
008 0714s1973 ag 01
040 _aAR-BaBN
_bspa
_cAR-BaBN
_eaacr
_dRIC
082 _a251.0000 B78
100 _aBroadus, Juan A
245 _aTratado sobre la predicación
250 _a1 ed.
260 _aEl Paso :
_bCasa Bautista de Publicaciones,
_c1951
300 _a332 p
500 _aEj.1 (2297) retirado definitivamente 1976Ej. 10 (14201) falta según inventario 1976
650 _ahomilética
_91351
650 _apredicación
942 _cBK
999 _c15184
_d15184